000 00577nam a22002057a 4500
003 OSt
005 20210414103638.0
008 210310s1969 ||||| |||| 00| 0 eng d
040 _aeng
_beng
_cDLC
041 _aeng
080 _a821.111
_bM-13
100 _91124
_aMacInnes, Helen
245 _aThe Salzburg Connection
_c/ by: A Fawcett Crest Book
260 _aNew York
_bA Fawcett Crest Book
_c1969
300 _a384 p.
365 _b0.95 usd
650 0 _9247
_aEnglish literature
653 _aინგლისური ლიტერატურა
942 _2udc
_cBK
999 _c2102
_d2102